000 00287nam a2200121Ia 4500
008 190216s9999||||xx |||||||||||||| ||und||
100 _aLawrence D H
245 0 _aWomen In Love
260 _bPenguin Books
_c1967
300 _a541p
650 _aEnglish Novel-English Novel
942 _cBK
999 _c12664
_d12664